Pár slov k maxirecenzi

Titel: Pár slov k maxirecenzi : Románské domy v Praze po roce
Verfasser:
Beteiligt: ;
In: Archeologické rozhledy, Band 55, Heft 2 (2003), Seite 398-401
alle Artikel anzeigen
Veröffentlicht: 2003
Format: Aufsatz
Sprache: Tschechisch
Kein Bild verfügbar
X
alg: 39518419
001A    $01999:12-11-16 
001B    $03025:15-07-25 $t14:42:57.000 
001C    $06050:19-11-16 $t08:50:20.000 
001D    $01999:12-11-16 
001U    $0utf8 
001X    $00 
002@    $0Aox 
003@    $0395184193 
007A    $0395184193 $aHEB 
007T    $0Herdp28507 
010@    $acze 
011@    $a2003 
021A    $aPár slov k maxirecenzi $dRománské domy v Praze po roce 
028A    $aDragoun $dZdeněk 
028B/01 $aŠkabrada $dJiří 
028C    $71153214830 $8Tryml, Michal$Z1946- [Tp1] $9426652673 
031A    $d55 $e2 $h398-401 $j2003 
039B    $aIn $8--Abvc--. Archeologické rozhledy. - Praha, 1949-. - ISSN 0323-1267 $x200300000550002602 $9047286156 
039T    $8--Aau--Dragoun, Zdeněk$Z1946- [Tp1]. Románské domy v Praze. - Praha {[u.a.] : Paseka, 2002. - 365 S.. - Ill., graph. Darst.. - ISBN 80-7185-427-1 $9104719885 
045F    $a900.94371 $eDDC23BSB 
045F/01 $a900 
045F/03 $g4371 
045T    $a6,14 $a6,11 $a6,12 

lok: 39518419 78

exp: 39518419 78 1 #EPN
201B/01 $026-11-17 $t04:08:56.000 
201U/01 $0utf8 
203@/01 $0791497372 
208@/01 $a12-11-16 $be 
209A/01 $a/ $f000 $x00 
220C/01 $aHerkunft: HÚ AV ČR Praha 
244Z/01 $#Tschechien $#Tschechische Republik $#Tschechien $#Tschechische Republik $#Tschechenland $#Tschechei Tschechien $#Česká Republika $#Czech Republic $#ČR $74303381-7 $8--Tg1--Tschechien $x01 $9086659812 
244Z/01 $2Trx $#Böhmen $#Bohemia $#Czechy $8--Trx--Čechy $x02 $9391188941 
244Z/01 $2Trx $#arvustused $#recenzijos $#Reviews $#recenziók $#recenzje $#recenzie $#recenze $8--Trx--Rezensionen $x03 $9391357441 
247C/01 $82080>Marburg/Lahn, Herder-Institut, Forschungsbibliothek, Bibliographieportal $9336309341
LEADER 00000caa a22000002c 4500
001 395184193
003 DE-603
005 20250715144257.0
007 tu
008 161112s2003 xx |||| | u00||u|cze c
035 |a (DE-599)HEB395184193 
040 |a DE-603  |b ger  |c DE-603  |d DE-603 
041 |a cze 
082 0 4 |8 1\u  |a 900.94371  |q DE-101  |2 23/BSB 
084 |a 6,14  |a 6,11  |a 6,12  |2 ssgn 
085 |8 1\u  |b 900 
085 |8 1\u  |z 2  |s 4371 
100 1 |a Dragoun, Zdeněk 
245 0 0 |a Pár slov k maxirecenzi  |b Románské domy v Praze po roce 
264 0 |c 2003 
700 1 |a Škabrada, Jiří 
700 1 |a Tryml, Michal  |d 1946-  |0 (DE-603)426652673  |0 (DE-588)1153214830  |2 gnd 
773 0 8 |i In  |t Archeologické rozhledy  |d Praha, 1949-  |x 0323-1267  |g Band 55, Heft 2 (2003), Seite 398-401  |w (DE-603)047286156  |w (DE-600)205634-3 
787 0 8 |i Rezension von  |a Dragoun, Zdeněk, 1946-  |t Románské domy v Praze  |d Praha ˜[u.a.] œ: Paseka, 2002  |h 365 S., Ill., graph. Darst.  |z 8071854271  |w (DE-603)104719885 
924 0 |9 2080  |a (DE-603)791497372  |b DE-2080  |c HES  |d d  |g /